| 000 | 00646nam a22002057a 4500 | ||
|---|---|---|---|
| 003 | 0 | ||
| 005 | 20230901094328.0 | ||
| 008 | 230901b xxu||||| |||| 00| 0 eng d | ||
| 020 | _a978-621-418-238-1 | ||
| 050 |
_aG 155 _b.B35 2022 |
||
| 100 | _aBajao, Grayfield T. | ||
| 245 |
_aMicro perspectives of tourism and hospitality _cGrayfield T. Bajao |
||
| 260 |
_aQuezon City _bWiseman's Book Trading, Inc. _cc2022. |
||
| 300 |
_aiii, 232 pages : _bb&w ill. ; _c25 cm. |
||
| 500 | _aTourism management. | ||
| 504 | _aIncludes bibliographical references. | ||
| 650 | _aTourism management. | ||
| 700 | _aOsorno, Rene D. | ||
| 942 |
_2lcc _cBK |
||
| 999 |
_c365242 _d365242 |
||